Pires pays où être LGBT+ - Océanie - Statistiques

Statistiques générales
  • Ce quiz a été pris 55 fois
    9 depuis la dernière actualisation
  • Le résultat moyen est 5 sur 5
Statistiques - réponses
% d'égalités des droits Pays % Correct
28% Papouasie-Nouvelle-Guinée
100%
29% Samoa
100%
29% Tonga
100%
23% Tuvalu
100%
22% Îles Salomon
67%
Aucun quiz correspondant
Distribution des résultats
% des personnes avec chaque résultat
Percentile par nombre de réponses
Votre historique - résultats
Vous n’avez pas pris ce quiz depuis la dernière actualisation